WWII German Leaders/Commanders - Statistics

General Stats
  • This quiz has been taken 336 times
  • The average score is 7 of 11
Answer Stats
Hint Answer % Correct
Nazi Fuhrer Adolf Hitler
96%
North African Tank Corps Erwin Rommel
95%
Air Force Hermann Goring
79%
Orchestrator of Holocaust Heinrich Himmler
78%
Hitler's Right hand and head of Propaganda Joseph Goebbels
76%
Flew to Scotland to negotiate peace Rudolf Hess
58%
Commander in chief of Kriegmarine Karl Donitz
55%
Panzer units in Poland and France Heinz Guderian
49%
Created strategy to invade France in 1940 Erich Von Manstein
42%
Army Group South Commander Gerd Von Rundstedt
17%
Army North Group Commander Wilhelm Leeb
14%
No matching quizzes found
Score Distribution
Percent of People with Each Score
Percentile by Number Answered
Your Score History
You have not taken this quiz